000 00581cam a22002053a 4500
001 45951
003 PGUSA
005 20140828084055.0
008 140612s2014||||xxu|||||s|||||000 | eng d
040 _aPGUSA
_beng
042 _adc
100 1 _aCorbett, Julian Stafford,
_cSir,
_d1854-1922
245 1 0 _aMonk
_h[electronic resource] /
_cJulian Stafford, Corbett
260 _bProject Gutenberg,
_c2014
506 _aPublic domain in the USA.
516 _aElectronic text
830 0 _aProject Gutenberg
_v45951
856 4 0 _uhttp://www.gutenberg.org/ebooks/45951
942 _cEB
999 _c275200
_d275200